| 000 | 00477nam a2200169Ia 4500 | ||
|---|---|---|---|
| 003 | GCL | ||
| 008 | 140319s9999 xx 000 0 eng d | ||
| 040 |
_aGCL / _cGCL |
||
| 082 | 0 | 4 |
_a305.89159 _bM A |
| 100 | 1 | _aMCDOWALL, DAVID | |
| 245 | 1 | 0 |
_aA MODERN HISTORY OF THE KURDS / _cMCDOWALL, DAVID |
| 260 |
_a[S.N] : _bI.B. TAURIS & CO LTD ، _c1996 |
||
| 300 | _a472 P | ||
| 650 | 0 | 4 | _aKURDISH - HISTORY 20TH CENTURY |
| 650 | 0 | 4 | _aMIDDLE EAST - ETHNIC RELATION |
| 942 |
_2ddc _cBK |
||
| 999 |
_c14137 _d14137 |
||